|
|
|
|
| LEADER |
00998cam a2200289 7i4500 |
| 001 |
0000073855 |
| 005 |
20221223090000.0 |
| 020 |
|
|
|a 9780323529808 (electronic book)
|
| 090 |
0 |
0 |
|a RD49
|b .M66 2018
|
| 245 |
0 |
4 |
|a The Mont Reid surgical handbook
|c editors, Jeffrey M. Sutton [and six others].
|
| 250 |
|
|
|a Seventh edition.
|
| 264 |
|
|
|a Philadelphia, PA:
|b Elsevier,
|c 2018.
|
| 300 |
|
|
|a 1 online resource (xiv, 972 pages):
|b text file, PDF.
|
| 336 |
|
|
|a text
|2 rdacontent
|
| 337 |
|
|
|a computer
|2 rdamedia
|
| 338 |
|
|
|a online resource
|2 rdacarrier
|
| 650 |
|
0 |
|a Mediastinum --
|x Tumors
|
| 650 |
|
0 |
|a Mediastinal Neoplasms
|
| 650 |
|
0 |
|a Surgical Procedures, Operative
|
| 650 |
|
0 |
|a Dialysis --
|x Methods
|
| 650 |
|
0 |
|a Surgery
|
| 655 |
|
0 |
|a Electronic books
|
| 700 |
1 |
|
|a Sutton, Jeffrey M.
|
| 856 |
4 |
2 |
|u http://library.unisel.edu.my/web/guest/mylibrary
|
| 997 |
|
|
|a Health Sciences, Faculty
|
| 998 |
|
|
|a Biomedical Science, Degree
|
| 999 |
|
|
|a EBO0016849
|b EBOOK
|c EBOOK
|e Electronic resources
|